عرض عادي
عرض مارك
- DeBolt, Virginia.
مدخل إسم شخص
001 - رقم الضبط
- حقل الضبط: 39854
003 - معرف رقم الضبط
- حقل الضبط: OSt
005 - تاريخ ووقت أخر عملية
- حقل الضبط: 20131116102741.0
008 - عناصر بيانات ثابتة الطول
- حقل تحكم ثابت الطول: 131116|||a|||||| | ||| d
040 ## - مصدر الفهرسة
- هيئة الفهرسة الأصلية: OSt
- وكالة الكتابة: OSt
100 ## - مدخل -- أسم شخص
- إسم شخص: DeBolt, Virginia.
670 ## - بيانات المصدر موجوده
- الاستشهاد بالمصدر: Work cat.: (OSt)0: DeBolt, Virginia., Mastering integrated HTML and CSS /, c2007.
